Monitoring of Intracellular Proteins during the Heterologous Production in E.coli using Surface Plasmon Resonance Detection

Guardado en:
Detalles Bibliográficos
Autor principal: Voštiar, Igor
Formato: Libro
Lenguaje:inglés
Publicado: Bratislava STU FCHPT 2004
Edición:1. vyd.
Acceso en línea:Ver en el OPAC
Etiquetas: Agregar Etiqueta
Sin Etiquetas, Sea el primero en etiquetar este registro!

MARC

LEADER 00000nam a2200000 a 4500
005 20260127134334.0
008 050318 2004 xo 000 0 eng d
035 |a vtls001520311 
039 9 |y 200503180839  |z mschk03 
040 |a STUSCHK1  |b slo  |c STUSCHK1  |e AACR2 
100 1 |a Voštiar, Igor 
245 1 |a Monitoring of Intracellular Proteins during the Heterologous Production in E.coli using Surface Plasmon Resonance Detection 
250 |a 1. vyd. 
260 |a Bratislava  |b STU FCHPT  |c 2004 
300 |a 52 s. + príloha 
500 |a Obháj.: 20.10.2004. Katedra biochemickej technológie 
910 |a SCHK95 
999 |c 10237  |d 10237